000 00312nam a2200133Ia 4500
005 20260326100034.0
008 260326s9999||||xx |||||||||||||| ||und||
100 _aMaffre, Jean Jacques
245 0 _aEl Arte Griego /
_cJean Jacques Maffre
260 _bPaidós
300 _a63 p.
650 _aARTE
942 _cBK
999 _c6746
_d6746